ბათუმის შოთა რუსთაველის სახელმწიფო უნივერსიტეტის ბიბლიოთეკა

საქართველოს ბაზარზე მომხმარებელთა ქცევის მარკეტინგული კვლევა:Marketing research of consumer rehavior in georgian market. (ბიბ.ჩანაწერი № 41641)

000 -LEADER
fixed length control field 01163nam a2200277Ia 4500
001 - CONTROL NUMBER
control field 8310
003 - CONTROL NUMBER IDENTIFIER
control field GE_BSU
008 - FIXED-LENGTH DATA ELEMENTS--GENERAL INFORMATION
fixed length control field 181216s||||||||xx |||||||||||||| ||und||
020 ## - INTERNATIONAL STANDARD BOOK NUMBER
International Standard Book Number 9789941177088.
040 ## - CATALOGING SOURCE
Transcribing agency GE_BSU
080 ## - UNIVERSAL DECIMAL CLASSIFICATION NUMBER
Universal Decimal Classification number 366.1+339.138
100 ## - MAIN ENTRY--PERSONAL NAME
Personal name თოდუა,ნუგზარ.
245 ## - TITLE STATEMENT
Title საქართველოს ბაზარზე მომხმარებელთა ქცევის მარკეტინგული კვლევა:Marketing research of consumer rehavior in georgian market.
245 ## - TITLE STATEMENT
Remainder of title მონოგრაფია.
245 ## - TITLE STATEMENT
Statement of responsibility, etc. რედ:ქ.მარშავა.
250 ## - EDITION STATEMENT
Edition statement ივ.ჯავახიშვილის თსუ,მარკეტინგის კათედრა.
260 ## - PUBLICATION, DISTRIBUTION, ETC.
Place of publication, distribution, etc. თბილისი.
260 ## - PUBLICATION, DISTRIBUTION, ETC.
Name of publisher, distributor, etc. უნივერსალი.
260 ## - PUBLICATION, DISTRIBUTION, ETC.
Date of publication, distribution, etc. 2012.
300 ## - PHYSICAL DESCRIPTION
Extent 328გვ;ცხრ;ნახ;20სმ.
300 ## - PHYSICAL DESCRIPTION
Other physical details რეზ.ინგლ.
300 ## - PHYSICAL DESCRIPTION
Accompanying material ბიბლიოგრ:გვ.291-310.
653 ## - INDEX TERM--UNCONTROLLED
Uncontrolled term მომხმარებელთა ქცევა; მარკეტინგი
942 ## - ADDED ENTRY ELEMENTS (KOHA)
Koha item type წიგნი
ეგზემპლარები
Withdrawn status Lost status Damaged status Not for loan Date acquired Barcode Date last seen Price effective from Koha item type
        2018-12-17 30212 2018-12-17 2018-12-17 წიგნი
        2018-12-17 30213 2018-12-17 2018-12-17 წიგნი
        2018-12-17 30214 2018-12-17 2018-12-17 წიგნი
        2018-12-17 30215 2018-12-17 2018-12-17 წიგნი
        2018-12-17 30216 2018-12-17 2018-12-17 წიგნი
        2018-12-17 30217 2018-12-17 2018-12-17 წიგნი
        2018-12-17 30218 2018-12-17 2018-12-17 წიგნი
        2018-12-17 30219 2018-12-17 2018-12-17 წიგნი
        2018-12-17 30220 2018-12-17 2018-12-17 წიგნი
        2018-12-17 30221 2018-12-17 2018-12-17 წიგნი